[Event "IND-chT 35th"]
[Site "Goa"]
[Date "2015.02.20"]
[Round "1"]
[White "Nagesh, IV."]
[Black "Karthikeyan, Murali"]
[Result "0-1"]
[WhiteElo "1617"]
[BlackElo "2502"]
[PlyCount "82"]
[EventDate "2015.02.20"]
[EventType "team-swiss"]
[EventRounds "9"]
[EventCountry "IND"]
[SourceTitle "CBM 165 Extra"]
[Source "ChessBase"]
[SourceDate "2015.04.21"]
[SourceVersion "1"]
[SourceVersionDate "2015.04.21"]
[SourceQuality "1"]
[WhiteTeam "Services Sports"]
[BlackTeam "Petroleum Sports"]
[WhiteTeamCountry "IND"]
[BlackTeamCountry "IND"]

1. e4 c5 2. Nc3 a6 3. f4 b5 4. Nf3 Bb7 5. d3 e6 6. g3 Nf6 7. Bg2 d5 8. 0-0 b4 9. e5 Nfd7 10. Ne2 Nc6 11. b3 Be7 12. Qe1 0-0 13. g4 a5 14. Ng3 Qc7 15. Bd2 a4 16. Rc1 axb3 17. axb3 Ba6 18. f5 Ncxe5 19. Nxe5 Qxe5 20. Qxe5 Nxe5 21. g5 c4 22. Rce1 Bc5+ 23. Be3 Bxe3+ 24. Rxe3 cxb3 25. cxb3 Nxd3 26. fxe6 fxe6 27. Rxe6 Rxf1+ 28. Bxf1 Nc5 29. Rd6 Bxf1 30. Nxf1 Nxb3 31. Rxd5 Rb8 32. h4 Nc1 33. Nd2 b3 34. h5 Ne2+ 35. Kf1 Ng3+ 36. Ke1 Nxh5 37. Kd1 Nf4 38. Rd6 Rb5 39. Kc1 Rxg5 40. Nxb3 h5 41. Nd4 Rd5 0-1